Laboratory manual in general microbiology with applications : basic microbiology techniques and applications to industrial microbiology / Gladys I. Bathan, RCh, MSc [and four others]. (Record no. 20234)
| 000 -LEADER | |
|---|---|
| fixed length control field | 00661nam a22001577a 4500 |
| 020 ## - INTERNATIONAL STANDARD BOOK NUMBER | |
| ISBN | 9789719822288 |
| 082 ## - DEWEY DECIMAL CLASSIFICATION NUMBER | |
| Classification number | 579.078 |
| Item number | B331 2024 |
| 100 ## - MAIN ENTRY--AUTHOR NAME | |
| Personal name | Bathan, Gladys I., author. |
| 245 ## - TITLE STATEMENT | |
| Title | Laboratory manual in general microbiology with applications : basic microbiology techniques and applications to industrial microbiology / Gladys I. Bathan, RCh, MSc [and four others]. |
| 260 ## - PUBLICATION, DISTRIBUTION, ETC. (IMPRINT) | |
| Place of publication | Quezon City : |
| Name of publisher | C & E Publishing, |
| Year of publication | ©2024. |
| 300 ## - PHYSICAL DESCRIPTION | |
| Number of Pages | xx, 206 pages : |
| Other physical details | illustrations ; 26 cm. |
| 500 ## - GENERAL NOTE | |
| General note | Includes bibliographical references. |
| 650 ## - SUBJECT ADDED ENTRY--TOPICAL TERM | |
| Topical Term | Microbiology -- Laboratory manuals. |
| 650 ## - SUBJECT ADDED ENTRY--TOPICAL TERM | |
| Topical Term | Medical microbiology -- Laboratory manuals. |
| 942 ## - ADDED ENTRY ELEMENTS (KOHA) | |
| Koha item type | Books |
| Source of acquisition | Permanent Location | Date acquired | Koha item type | Collection code | Accession Number | Lost status | Shelving location | Withdrawn status | Current Location | Full call number |
|---|---|---|---|---|---|---|---|---|---|---|
| School | Cagayan State University - Carig Library | 2025-02-05 | Books | Nursing | N000106 | Nursing Library | Cagayan State University - Carig Library | 579.078 B331 2024 | ||
| School | Cagayan State University - Carig Library | 2025-02-05 | Books | Nursing | N000107 | Nursing Library | Cagayan State University - Carig Library | 579.078 B331 2024 | ||
| School | Cagayan State University - Carig Library | 2025-02-05 | Books | Nursing | N000108 | Nursing Library | Cagayan State University - Carig Library | 579.078 B331 2024 | ||
| School | Cagayan State University - Carig Library | 2025-02-05 | Books | Nursing | N000109 | Nursing Library | Cagayan State University - Carig Library | 579.078 B331 2024 | ||
| School | Cagayan State University - Carig Library | 2025-02-05 | Books | Nursing | N000110 | Nursing Library | Cagayan State University - Carig Library | 579.078 B331 2024 | ||
| School | Cagayan State University - Carig Library | 2026-01-08 | Books | Pure Sciences | 011308 | General Collection | Cagayan State University - Carig Library | 579.078 B331 2024 |